Mikrobiálna produkcia a separácia kyseliny itakónovej
Gespeichert in:
| 1. Verfasser: | |
|---|---|
| Weitere Verfasser: | |
| Format: | Manuskript Buch |
| Sprache: | Slowakisch |
| Veröffentlicht: |
2019
|
| Schlagworte: | |
| Online-Zugang: | http://is.stuba.sk/zp/portal_zp.pl?podrobnosti=135861 |
| Tags: |
Keine Tags, Fügen Sie das erste Tag hinzu!
|
MARC
| LEADER | 00000ntm a22000003a 4500 | ||
|---|---|---|---|
| 001 | stuzp74870 | ||
| 003 | SK-STU | ||
| 005 | 20190622212308.0 | ||
| 007 | ta | ||
| 008 | 150427s2015----xo-----f-mn---000-0-slo-d | ||
| 040 | |a STU |b slo | ||
| 041 | 0 | |a slo | |
| 100 | 1 | |a Koričár, Radovan |u 046230 |4 aut |U FCHPT Ústav chemického a environmentálneho inžinierstva |T FCHPT Oddelenie chemického a biochemického inžinierstva |X 86843 |U C6230 |Y 119 |7 86843 | |
| 242 | 0 | 1 | |a Microbial Production and Separation of Itaconic acid |y eng |
| 245 | 1 | 0 | |a Mikrobiálna produkcia a separácia kyseliny itakónovej |
| 260 | |c 2019 | ||
| 650 | 4 | |a miešaný vsádzkový bioreaktor |2 slo | |
| 650 | 4 | |a Aspergillus terreus |2 slo | |
| 650 | 4 | |a hydrolýza |2 slo | |
| 650 | 4 | |a delignifikácia |2 slo | |
| 650 | 4 | |a kryštalizácia |2 slo | |
| 650 | 4 | |a delignification |2 eng | |
| 650 | 4 | |a crystallisation |2 eng | |
| 650 | 4 | |a stirred batch bioreactor |2 eng | |
| 650 | 4 | |a Aspergillus terreus |2 eng | |
| 650 | 4 | |a hydrolysis |2 eng | |
| 700 | 1 | |a Illeová, Viera |u 046230 |k Z2 |4 ths |U FCHPT Ústav chemického a environmentálneho inžinierstva |T FCHPT Oddelenie chemického a biochemického inžinierstva |X 3981 |U C6230 |Y 119 |7 A000003981 | |
| 856 | 4 | |u http://is.stuba.sk/zp/portal_zp.pl?podrobnosti=135861 | |